La política de los Estados Unidos hacia el comunismo internacional / (Record no. 136413)

MARC details
000 -LEADER
campo de control de longitud fija 01428nam a2200313 i 4500
001 - NÚMERO DE CONTROL
campo de control 136413
003 - IDENTIFICADOR DE NÚMERO DE CONTROL
campo de control ES-MaACL
005 - FECHA Y HORA DE LA ÚLTIMA TRANSACCIÓN
campo de control 20250903063107.0
007 - CAMPO FIJO DE DESCRIPCIÓN FÍSICA--INFORMACIÓN GENERAL
campo de control de longitud fija t|
008 - DATOS DE LONGITUD FIJA--INFORMACIÓN GENERAL
campo de control de longitud fija 070214e1964 sp |r o10|10|spa
040 ## - FUENTE DE CATALOGACIÓN
Centro/agencia transcriptor ES-MaACL
080 ## - NÚMERO DE LA CLASIFICACIÓN DECIMAL UNIVERSAL
Número de la Clasificación Decimal Universal 327(73)"19"
080 ## - NÚMERO DE LA CLASIFICACIÓN DECIMAL UNIVERSAL
Número de la Clasificación Decimal Universal 327(73:100-664)"19"
100 1# - ENTRADA PRINCIPAL--NOMBRE DE PERSONA
Nombre de persona Rusk, Dean,
Fechas asociadas al nombre 1909-1994
Término indicativo de función/relación Autor
9 (RLIN) 101023
245 13 - MENCIÓN DEL TÍTULO
Título La política de los Estados Unidos hacia el comunismo internacional /
Mención de responsabilidad, etc. Dean Rusk
260 ## - PUBLICACIÓN, DISTRIBUCIÓN, ETC.
Lugar de publicación, distribución, etc. [Madrid :
Nombre del editor, distribuidor, etc. Casa Americana, Embajada de los Estados Unidos de América],
Fecha de publicación, distribución, etc. 1964
300 ## - DESCRIPCIÓN FÍSICA
Extensión 20 páginas ;
Dimensiones 17 cm
500 ## - NOTA GENERAL
Nota general Discurso pronunciado por el secretario de Estado de los Estados Unidos de América ante la Conferencia de la Unión Internacional de Obreros Electricistas de Radiotelegrafía y Maquinistas Industriales, en Washington D. C.
650 #7 - PUNTO DE ACCESO ADICIONAL DE MATERIA--TÉRMINO DE MATERIA
Término de materia o nombre geográfico como elemento de entrada Comunismo
Fuente del encabezamiento o término embne
9 (RLIN) 11211
651 #4 - PUNTO DE ACCESO ADICIONAL DE MATERIA--NOMBRE GEOGRÁFICO
Nombre geográfico Estados Unidos-
Subdivisión general Política exterior-
Subdivisión cronológica 1945-1989
9 (RLIN) 165138
651 #4 - PUNTO DE ACCESO ADICIONAL DE MATERIA--NOMBRE GEOGRÁFICO
Nombre geográfico Estados Unidos-
Subdivisión general Relaciones-
Subdivisión geográfica Países comunistas
9 (RLIN) 242183
655 #4 - TERMINO DE INDIZACIÓN--GENERO/FORMA
Datos o término principal de género/forma Discursos políticos
9 (RLIN) 234213
710 1# - ENTRADA AGREGADA--NOMBRE DE ENTIDAD CORPORATIVA
Nombre de entidad corporativa o nombre de jurisdicción como elemento de entrada Estados Unidos.
Unidad subordinada Embassy (España)
Término indicativo de función/relación Editor
9 (RLIN) 4025
710 2# - ENTRADA AGREGADA--NOMBRE DE ENTIDAD CORPORATIVA
Nombre de entidad corporativa o nombre de jurisdicción como elemento de entrada Unión Internacional de Obreros Electricistas de Radiotelegrafía y Maquinistas Industriales.
Unidad subordinada Conferencia
Fecha del congreso o de la firma del tratado (1964.
Sede del congreso/Lugar de la reunión Washington D. C.)
Término indicativo de función/relación Sede
9 (RLIN) 7042
852 4# - LOCALIZACIÓN
Ubicación ES-MaACL
Sublocalización o colección R.53642
Ubicación en estantería Depósito folletos
Número de control de estantería 2030-F-20
942 ## - ELEMENTOS DE ENTRADA SECUNDARIOS (KOHA)
Tipo de ítem Koha Folleto
Suprimir en OPAC No
Holdings
Estatus retirado Estado de pérdida Estado de daño No para préstamo Colección Biblioteca de origen Biblioteca actual Ubicación en estantería Fecha de adquisición Fuente de adquisición Total de préstamos Signatura topográfica completa Código de barras Visto por última vez Precio de reemplazo Tipo de ítem Koha
        Colección de folletos Biblioteca del Ateneo de Madrid Biblioteca del Ateneo de Madrid Depósito folletos 17/01/2008     2030-F-20 1141970 23/02/2023 23/02/2023 Folleto